00755nam a22001937a 4500999001900000005001700019010001500036020002600051035001400077037000900091082001100100100002700111245006400138260005600202270011700258300004200375942002500417952011900442 c183569d18356920211228162132.0 aENG-130730 a9789387894921c599.00 aEN-114262 bDBAD a320.55 aMukhopadhyay, Nilanjan aThe RSS:bIcons Of The Indian Right/cNilanjan Mukhopadhyay aChennaibWestland Publication Private Limitedc2019 a1st Floor, A Block, East Wing, Plot No. 40, SP Infocity, Dr MGR Saiai, Purungudi, KandanchavadibChennaie600096 aix, 462pc23cm(pbk)bEndnotes, Index 2ddccENh320.55mMUK 001040708NFICaMbMd2021-12-28eDBAD/PUBg599.00l0o320.55 MUKpEN-114262r2021-12-28 00:00:00t1v599.00yEN